| 000 | 00769nam a2200169 i 4500 | ||
|---|---|---|---|
| 001 | 166559 | ||
| 003 | ES-MaACL | ||
| 005 | 20230906213345.0 | ||
| 008 | 050915s1880 sp |||| | spa d | ||
| 100 | 1 |
_aTort y Martorell, Javier. _9133343 |
|
| 245 | 1 | 3 |
_aLa reforma de Barcelona _b: discurso pronunciado en el Ateneo Barcelonés, en la sesión del dia 26 de enero de 1880 / _cpor Javier Tort y Martorell. |
| 260 |
_aBarcelona : _b[s.n.], _c1880 ( _fImp. de los Sucesores de N. Ramírez y Cª) |
||
| 300 |
_a68 p. ; _c24 cm. |
||
| 650 | 4 |
_aUrbanismo- _zBarcelona- _vHistoria. _9169011 |
|
| 710 | 2 |
_aAteneu Barcelonès. _92060 |
|
| 852 |
_aES-MaACL _jT-1269-F-5 _z- Enc. hol., conservando cub. original _z. - Ded. del autor a Laureano Figuerola _z- Enc. en un vol. facticio |
||
| 999 |
_c166559 _d166559 |
||